000 00618nam a22001937a 4500
005 20251108164950.0
008 250721s1996 xx 000 0 ara d
082 1 4 _a214/مغر
100 1 _aالمغربي، علي عبد الفتاح
245 1 0 _aالفكر الديني الشرقي القديم و موقف المتكلمين /
264 1 _aالقاهرة :
_bمكتبة وهبة،
_c1996.
300 _a211ص
650 1 7 _aالعقيدة الدينية
650 1 7 _aالإسلام
650 1 7 _aعلم الكلام
650 1 7 _aالفلسفة الإسلامية
942 _2ddc
_cBK
999 _c18574
_d18574